Fish popular dynamic ឌីណាមិចប្រជាករហ្វូងត្រី (Record no. 9658)
[ view plain ]
| 000 -LEADER | |
|---|---|
| fixed length control field | 00354nam a22001217a 4500 |
| 040 ## - CATALOGING SOURCE | |
| Transcribing agency | HS |
| 082 ## - DEWEY DECIMAL CLASSIFICATION NUMBER | |
| Classification number | 597 |
| 100 ## - MAIN ENTRY--AUTHOR NAME | |
| Personal name | ហុក សែនសម្ភា |
| 245 ## - TITLE STATEMENT | |
| Title | Fish popular dynamic ឌីណាមិចប្រជាករហ្វូងត្រី |
| 260 ## - PUBLICATION, DISTRIBUTION, ETC. (IMPRINT) | |
| Place of publication | RUA |
| Name of publisher | ហុក សែនសម្ភា |
| Year of publication | 2012 |
| 300 ## - PHYSICAL DESCRIPTION | |
| Number of Pages | 38p; |
| 942 ## - ADDED ENTRY ELEMENTS (KOHA) | |
| Koha item type | សៀវភៅភាសាខ្មែរ |
| 952 ## - LOCATION AND ITEM INFORMATION (KOHA) | |
| Withdrawn status [LOCAL, KOHA] | 0 |
| 952 ## - LOCATION AND ITEM INFORMATION (KOHA) | |
| Withdrawn status [LOCAL, KOHA] | 0 |
| Permanent Location | Date acquired | Koha item type | Lost status | Barcode | Shelving location | Current Location | Full call number |
|---|---|---|---|---|---|---|---|
| Library Block C | 2016-09-06 | សៀវភៅភាសាខ្មែរ | RUA043329 | Library Block C | 597 ហុក 2012 | ||
| Library Block C | 2016-09-08 | សៀវភៅភាសាខ្មែរ | RUA44174 | C169 | Library Block C | 597 ហុក 2012 C169 |